Transition in the economy of the tribals: an exercise in economic theory (Record no. 5348)
[ view plain ]
| 000 -LEADER | |
|---|---|
| fixed length control field | 00628nam a2200181Ia 4500 |
| 020 ## - INTERNATIONAL STANDARD BOOK NUMBER | |
| ISBN | 81-210-0422-5 |
| 082 ## - DEWEY DECIMAL CLASSIFICATION NUMBER | |
| Classification number | 305.80095415 GUP-T |
| 100 ## - MAIN ENTRY--AUTHOR NAME | |
| Personal name | Gupta, Malabika Das |
| 245 #0 - TITLE STATEMENT | |
| Title | Transition in the economy of the tribals: an exercise in economic theory |
| 260 ## - PUBLICATION, DISTRIBUTION, ETC. (IMPRINT) | |
| Place of publication | New Delhi |
| Name of publisher | Inter-India Publications |
| Year of publication | 2005 |
| 300 ## - PHYSICAL DESCRIPTION | |
| Number of Pages | 191 |
| 440 ## - SERIES STATEMENT/ADDED ENTRY--TITLE | |
| Title | Tribal studies of India series; T 194 |
| 504 ## - BIBLIOGRAPHY, ETC. NOTE | |
| Bibliography, etc | includes bibliography and index |
| 650 ## - SUBJECT ADDED ENTRY--TOPICAL TERM | |
| Topical Term | Tribes and tribals |
| Form subdivision | Economic conditions |
| Geographic subdivision | Tripura |
| 650 ## - SUBJECT ADDED ENTRY--TOPICAL TERM | |
| Topical Term | Tirbes |
| Form subdivision | Economic conditions |
| Geographic subdivision | Tripura |
| 650 ## - SUBJECT ADDED ENTRY--TOPICAL TERM | |
| Topical Term | Jhumia (Indic people) |
| Form subdivision | Economic conditions |
| Geographic subdivision | Tripura |
| 942 ## - ADDED ENTRY ELEMENTS (KOHA) | |
| Koha item type | Books |
| Withdrawn status | Lost status | Damaged status | Not for loan | Home library | Current library | Date acquired | Source of acquisition | Bill Date | Full call number | Accession Number | Price effective from | Koha item type |
|---|---|---|---|---|---|---|---|---|---|---|---|---|
| NASSDOC Library | NASSDOC Library | 26/12/2006 | Gifted by : Sales Division, ICSSR | 2006-11-08 | 305.80095415 GUP-T | 43070 | 18/04/2019 | Books |
